000 00656cam a22002413a 4500
001 1386
003 PGUSA
005 20140828083000.0
008 980701s1998||||xxu|||||s|||||000 1 eng d
040 _aPGUSA
_beng
042 _adc
050 4 _aPS
100 1 _aWister, Owen,
_d1860-1938
245 1 0 _aLady Baltimore
_h[electronic resource] /
_cOwen Wister
260 _bProject Gutenberg,
_c1998
506 _aPublic domain in the USA.
516 _aElectronic text
653 _aHistorical fiction
653 _aCharleston (S.C.) -- Fiction
830 0 _aProject Gutenberg
_v1386
856 4 0 _uhttp://www.gutenberg.org/ebooks/1386
942 _cEB
999 _c230734
_d230734